Posibilidades expresivas, cognoscitivas e imaginativas del texto literario / (Registro nro. 25658)

Detalles MARC
000 -LEADER
fixed length control field 01328nam a2200289 4500
001 - CONTROL NUMBER
control field 0000014138
003 - CONTROL NUMBER IDENTIFIER
control field CO-CtgCURN
005 - DATE AND TIME OF LATEST TRANSACTION
control field 20250331191039.0
007 - PHYSICAL DESCRIPTION FIXED FIELD--GENERAL INFORMATION
fixed length control field ta
008 - FIXED-LENGTH DATA ELEMENTS--GENERAL INFORMATION
fixed length control field 160627s2003 000 0 eng d
020 ## - INTERNATIONAL STANDARD BOOK NUMBER
International Standard Book Number 9588165172
040 ## - CATALOGING SOURCE
Original cataloging agency CO-CtgCURN
Language of cataloging spa
Transcribing agency coctgcurn
082 0# - DEWEY DECIMAL CLASSIFICATION NUMBER
Classification number 801.95
Item number P855
110 1# - MAIN ENTRY--CORPORATE NAME
Corporate name or jurisdiction name as entry element Corporación Universitaria Minuto de Dios.
245 10 - TITLE STATEMENT
Title Posibilidades expresivas, cognoscitivas e imaginativas del texto literario /
Statement of responsibility, etc. fotografo, José Arturo Rojas M.
260 ## - PUBLICATION, DISTRIBUTION, ETC.
Place of publication, distribution, etc. Bogotá :
Name of publisher, distributor, etc. Corporacin Universitaria Minuto de Dios,
Date of publication, distribution, etc. 2003.
300 ## - PHYSICAL DESCRIPTION
Extent 83 p.
336 ## - CONTENT TYPE
Source rdacontent
337 ## - MEDIA TYPE
Source rdamedia
Media type term sin mediacion
Media type code n
338 ## - CARRIER TYPE
Source rdacarrier
Carrier type term volumen
Carrier type code nc
504 ## - BIBLIOGRAPHY, ETC. NOTE
Bibliography, etc. note Incluye bibliografia al final de cada capitulo.
505 8# - FORMATTED CONTENTS NOTE
Formatted contents note Teoria y análisis: posibilidades expresivas, cognoscitivas e imaginativas del texto literario -- La relacion lenguaje y literatura y los interrogantes que ella concita -- La comunicación literaria -- Recepcion y efecto estetico: el papel del lector -- Docencia y creacion: una invitacion a construir una gramatica de la fantasia -- Aproximacion a la teoria de los generos
650 14 - SUBJECT ADDED ENTRY--TOPICAL TERM
Topical term or geographic name entry element Literatura
General subdivision Enseñanza.
908 ## - PUT COMMAND PARAMETER (RLIN)
Put command parameter 160627
942 ## - ADDED ENTRY ELEMENTS (KOHA)
Koha item type Libros
Classification part 801.95
Item part P855
Source of classification or shelving scheme Dewey Decimal Classification
Existencias
Withdrawn status Lost status Source of classification or shelving scheme Damaged status Not for loan Collection Home library Current library Shelving location Date acquired Inventory number Total checkouts Full call number Barcode Date last seen Copy number Price effective from Koha item type Public note
    Dewey Decimal Classification     General Miguel Henríquez Castañeda Miguel Henríquez Castañeda General 03/31/2025 004582   801.95 P855 004582 03/31/2025 ej.1 03/31/2025 Libros 800-LIT&RE